000 03148cam a2200301 4500500
005 20260322004227.0
041 _afre
042 _adc
100 1 0 _aLekic, Dijana
_eauthor
700 1 0 _aLezon Rivière, Anna
_eauthor
245 0 0 _aRecherche et sources d’informations des cadres dirigeants en contexte de transformation numérique
260 _c2020.
500 _a28
520 _aLe présent article vise à explorer la recherche d’informations des cadres dirigeants d’une entreprise française de télécommunications en contexte de transformation numérique. Nous appuyant sur les méthodologies de la construction de sens ( sense-making) et de la théorisation enracinée ( grounded theory), nous analysons les pratiques de recherche d’informations des cadres dirigeants et les sources d’informations utilisées par ce groupe d’acteurs. Les résultats de notre étude empirique nous permettent de distinguer deux catégories principales de sources d’informations auxquelles ces acteurs font appel dans leurs activités quotidiennes : des sources humaines et des sources non humaines. Plusieurs facteurs influençant le processus de recherche et le choix des sources d’informations sont identifiés et, notamment, la temporalité qui représente une contrainte majeure. L’étude montre que l’activité informationnelle, et notamment la recherche d’informations, deviennent plus complexes dans un environnement numérique se caractérisant par une multiplication des dispositifs et sources d’informations, une diversité des pratiques informationnelles et une gestion de l’information en « silos ».
520 _aThis paper explores the information seeking behaviour and the information sources of top managers in the context of a large French telecommunications company’s digital transformation. Our qualitative research was conducted using sense-making methodology and grounded-theory. We identify two main categories of information sources used by top managers in their daily activities: human and non-human sources of information. Several factors influence information seeking and source selection. Among all factors, time is one of the main constraints. The results of our study show that information activity and, more specifically, information seeking become more complex in a digital environment characterized by the use of numerous technical devices as well as a multiplication of available sources of information, a diversity of information behaviours, and information silos.
690 _acadres dirigeants
690 _apratiques informationnelles
690 _arecherche d’informations
690 _asources d’informations
690 _atransformation numérique
690 _adigital transformation
690 _ainformation behaviour
690 _ainformation seeking
690 _ainformation sources
690 _atop managers
786 0 _nI2D - Information, données & documents | 2 | 2 | 2020-11-17 | p. 176-196 | 2428-2111
856 4 1 _uhttps://shs.cairn.info/revue-i2d-information-donnees-et-documents-2020-2-page-176?lang=fr&redirect-ssocas=7080
999 _c1738543
_d1738543